An economic and social history of the Ottoman Empire, 1300-1914 / (Record no. 5988)
[ view plain ]
| 000 -LEADER | |
|---|---|
| fixed length control field | 01206nac a22002651u 4500 |
| 090 ## - LOCALLY ASSIGNED LC-TYPE CALL NUMBER (OCLC); LOCAL CALL NUMBER (OCLC) | |
| -- | 5988 |
| 008 - FIXED-LENGTH DATA ELEMENTS--GENERAL INFORMATION | |
| fixed length control field | 090127t xxu||||| |||| 00| 0 eng d |
| 010 ## - LIBRARY OF CONGRESS CONTROL NUMBER | |
| LC control number | 93014763 |
| 020 ## - INTERNATIONAL STANDARD BOOK NUMBER | |
| International Standard Book Number | 0521343151 (hardback) |
| 082 00 - DEWEY DECIMAL CLASSIFICATION NUMBER | |
| Classification number | 330.9561015 |
| Item number | INA |
| 100 ## - MAIN ENTRY--PERSONAL NAME | |
| Personal name | Inalcik, Halil[ed.] |
| 245 03 - TITLE STATEMENT | |
| Title | An economic and social history of the Ottoman Empire, 1300-1914 / |
| Statement of responsibility, etc | edited by Halil Inalcik with Donald Quataert. |
| 260 ## - PUBLICATION, DISTRIBUTION, ETC. (IMPRINT) | |
| Place of publication, distribution, etc | Cambridge ; |
| -- | New York : |
| Name of publisher, distributor, etc | Cambridge University Press,c.1994. |
| Date of publication, distribution, etc | c.1994. |
| 300 ## - PHYSICAL DESCRIPTION | |
| Extent | xxxi, 1026 p. : |
| Other physical details | ill., maps ; |
| Dimensions | 24 cm. |
| 500 ## - GENERAL NOTE | |
| General note | Dustributer: Al-Ahram. |
| 504 ## - BIBLIOGRAPHY, ETC. NOTE | |
| Bibliography, etc | Includes bibliographical references (p. 981-985) and index. |
| 511 ## - PARTICIPANT OR PERFORMER NOTE | |
| Participant or performer note | Catalogued By: Mahitab. |
| 651 #0 - SUBJECT ADDED ENTRY--GEOGRAPHIC NAME | |
| Geographic name | Turkey |
| General subdivision | Economic conditions |
| Chronological subdivision | 1288-1918. |
| 651 #0 - SUBJECT ADDED ENTRY--GEOGRAPHIC NAME | |
| Geographic name | Turkey |
| General subdivision | Social conditions |
| Chronological subdivision | 1288-1918. |
| 700 1# - ADDED ENTRY--PERSONAL NAME | |
| Personal name | Quataert, Donald, |
| Titles and other words associated with a name | 1941- |
| 856 42 - ELECTRONIC LOCATION AND ACCESS | |
| Materials specified | Publisher description |
| Uniform Resource Identifier | <a href="http://www.loc.gov/catdir/description/cam025/93014763.html">http://www.loc.gov/catdir/description/cam025/93014763.html</a> |
| 856 42 - ELECTRONIC LOCATION AND ACCESS | |
| Materials specified | Table of contents |
| Uniform Resource Identifier | <a href="http://www.loc.gov/catdir/toc/cam021/93014763.html">http://www.loc.gov/catdir/toc/cam021/93014763.html</a> |
| 942 ## - ADDED ENTRY ELEMENTS (KOHA) | |
| Item type | Book - Borrowing |
| Call number prefix | 330.9561015INA |
| Source of classification or shelving scheme | Dewey Decimal Classification |
| Withdrawn status | Item status | Damaged status | Not for loan | Home library | Current library | Shelving location | Date acquired | Source of acquisition | Total Checkouts | Total Renewals | Full call number | Barcode | Date last seen | Date last borrowed | Koha item type |
|---|---|---|---|---|---|---|---|---|---|---|---|---|---|---|---|
| Central Library | Central Library | First floor | 11/11/2007 | Purchase | 7 | 23 | 330.9561015INA | 000006954 | 15/07/2025 | 03/04/2018 | Book - Borrowing |